Historia del derecho romano

Na minha lista:
Detalhes bibliográficos
Autor principal: Lapieza Elli, Ángel Enrique (Author)
Formato: Livro
Idioma:espanhol
Publicado em: Buenos Aires Cooperadora de Derecho y Ciencias Sociales 1975
Assuntos:
Tags: Adicionar Tag
Sem tags, seja o primeiro a adicionar uma tag!

MARC

LEADER 00000nam a2200000 a 4500
001 UCT6076
003 CL-VaPUC
008 961230e19750000AG |||||||||||||||||spa|d
082 0 4 |a 340.54  |b LAP  |2 21 
100 |a Lapieza Elli, Ángel Enrique  |e author  |9 375831 
245 1 0 |a Historia del derecho romano 
300 |a 350 p 
942 |c BK 
945 |d 19961230 00:00:00  |a rleighto 
260 |a Buenos Aires  |b Cooperadora de Derecho y Ciencias Sociales  |c 1975 
650 0 |a Derecho romano  |9 255930 
650 7 |a DERECHO PENAL  |2 CL-VaPUC  |9 11 
650 0 |a Derecho procesal penal  |9 255496 
650 0 |a Derecho privado  |9 258243 
650 0 |a Derechos reales  |9 257708 
650 0 |a Obligaciones   |9 255578 
650 0 |a Derecho sucesorio  |9 255015 
650 0 |a Derecho de familia  |9 255603 
583 |a last modification  |c 20170612 11:09:57  |k Rodrigo Vera 
999 |c 254808  |d 254806 
952 |0 0  |1 0  |4 0  |6 340_540000000000000_LAP_1975  |7 0  |8 DER_ROM  |9 276695  |a BIBDER  |b BIBDER  |d 2019-11-19  |i 3265757  |o 340.54 LAP 1975  |p 3265757  |r 2023-01-25  |w 2019-11-19  |x Ubicación 4to piso  |y BK  |z Este recurso debe solicitarse con anticipación  |k DER